000 00353nam a22001457a 4500
003 OSt
005 20160727222421.0
008 160628b xxu||||| |||| 00| 0 eng d
040 _cTEST
100 _91273
_aPoussaint, A.F
245 _aBill Coshy Time Files
260 _aNEW YORK
_bDOUBLE DAY
_c1987
300 _aBill Coshy Time Files
942 _2ddc
_cBK
999 _c1041
_d1041